[Event "Lovsprings op 08th E"]
[Site "Ringsted"]
[Date "1996.03.15"]
[Round "2"]
[White "Henriksen, Mikkel"]
[Black "Nikolajsen, Martin"]
[Result "0-1"]
[WhiteElo "1185"]
[BlackElo "1123"]
[PlyCount "86"]
[EventDate "1996.03.08"]
[EventType "swiss"]
[EventRounds "7"]
[EventCountry "DEN"]
[SourceTitle "EXT 2023"]
[Source "ChessBase"]
[SourceDate "2022.10.05"]
[SourceVersion "1"]
[SourceVersionDate "2022.10.05"]
[SourceQuality "1"]

1. e4 e5 2. d4 exd4 3. Qxd4 Nc6 4. Qe3 b6 5. Nc3 Bc5 6. Qg3 Bd4 7. Bd2 Nb4 8. Bd3 Ne7 9. Nge2 Bxc3 10. Bxc3 Nxd3+ 11. Qxd3 0-0 12. Qd4 f6 13. 0-0-0 d6 14. Nf4 Bd7 15. f3 Qe8 16. g4 a5 17. Nh5 b5 18. Bd2 Be6 19. g5 Qxh5 20. gxf6 Rxf6 21. h4 Rff8 22. Rdg1 Qe5 23. Qe3 b4 24. Rg5 Qf6 25. Rf1 c5 26. e5 dxe5 27. Rxe5 Nf5 28. Qxc5 Ng3 29. Bg5 Qf7 30. Rg1 Nf5 31. Rge1 Bxa2 32. b3 Bxb3 33. cxb3 Rac8 34. Qxc8 Rxc8+ 35. Kb2 h6 36. Bf4 Qf6 37. Kb1 Qg6 38. Kb2 Nd4 39. R1e4 Nxf3 40. Re6 Qg2+ 41. Re2 Qg1 42. h5 Qd4+ 43. Kb1 Qxf4 0-1

[Event "Lovsprings op 07th E"]
[Site "Ringsted"]
[Date "1995.03.31"]
[Round "4"]
[White "Henriksen, Mikkel"]
[Black "Madsen, Kjeld"]
[Result "1/2-1/2"]
[WhiteElo "1102"]
[BlackElo "1170"]
[PlyCount "52"]
[EventDate "1995.03.10"]
[EventType "swiss"]
[EventRounds "7"]
[EventCountry "DEN"]
[SourceTitle "EXT 2023"]
[Source "ChessBase"]
[SourceDate "2022.10.05"]
[SourceVersion "1"]
[SourceVersionDate "2022.10.05"]
[SourceQuality "1"]

1. e4 e5 2. d4 Nc6 3. Nf3 exd4 4. Nxd4 Bc5 5. Nxc6 bxc6 6. Bc4 d6 7. 0-0 Nf6 8. Bg5 h6 9. Bxf6 Qxf6 10. Nc3 0-0 11. Na4 Bd4 12. c3 Be5 13. Qd2 Bf4 14. Qd3 Be6 15. g3 Bxc4 16. Qxc4 d5 17. exd5 cxd5 18. Qxd5 Bd6 19. Nc5 Bxc5 20. Qxc5 Qb6 21. Qxb6 axb6 22. b4 Ra3 23. c4 Rd8 24. f4 Rdd3 25. Rfd1 Rdc3 26. Rd4 f6 1/2-1/2